Elements of power system analysis (Record no. 3209)

000 -LEADER
fixed length control field 00596nam a2200217 a 4500
001 - CONTROL NUMBER
control field 3209
003 - CONTROL NUMBER IDENTIFIER
control field BD-DhUET
008 - FIXED-LENGTH DATA ELEMENTS--GENERAL INFORMATION
fixed length control field 810331s1982 nyua 001 0 eng
020 ## - INTERNATIONAL STANDARD BOOK NUMBER
International Standard Book Number 0070612781
020 ## - INTERNATIONAL STANDARD BOOK NUMBER
International Standard Book Number 007061279X
040 ## - CATALOGING SOURCE
Original cataloging agency DLC
Transcribing agency DLC
Modifying agency BD-DhUET
082 00 - DEWEY DECIMAL CLASSIFICATION NUMBER
Classification number 623.12
Item number STE/1982
100 1# - MAIN ENTRY--PERSONAL NAME
Personal name Stevenson, William D.
245 10 - TITLE STATEMENT
Title Elements of power system analysis
250 ## - EDITION STATEMENT
Edition statement 4th ed.
260 ## - PUBLICATION, DISTRIBUTION, ETC. (IMPRINT)
Place of publication, distribution, etc. New York
Name of publisher, distributor, etc. McGraw-Hill
Date of publication, distribution, etc. 1982
300 ## - PHYSICAL DESCRIPTION
Extent xii, 436 p.
Other physical details ill.
Dimensions 25 cm.
490 ## - SERIES STATEMENT
Series statement McGRAW-HILL series in electrical engineering
650 #0 - SUBJECT ADDED ENTRY--TOPICAL TERM
Topical term or geographic name as entry element Electric power system stability
942 ## - ADDED ENTRY ELEMENTS (KOHA)
Koha item type General Book
Holdings
Copy number Koha date last borrowed Koha renewals Lost status Koha full call number Koha item type Source of classification or shelving scheme Price effective from Shelving location Koha date last seen Not for loan Location (home branch) Damaged status Sublocation or collection (holding branch) Date acquired Koha issues (times borrowed) Withdrawn status Koha normalized classification for sorting Piece designation (barcode)
12021-09-27  623.12/STE/1982General Book 2014-10-22Circulation section2021-09-27 Central Library, BUET Central Library, BUET2014-10-2252 623_120000000000000_STE_1982110313
2   623.12/STE/1982General Book 2015-02-10Circulation section2015-02-10 Central Library, BUET Central Library, BUET2015-02-10  623_120000000000000_STE_198269178
32021-08-312 623.12/STE/1982General Book 2015-02-11Circulation section2021-08-31 Central Library, BUET Central Library, BUET2015-02-1122 623_120000000000000_STE_198278208
4   623.12/STE/1982Reading Item 2015-06-24Reading section2015-06-24 Central Library, BUET Central Library, BUET2015-06-24  623_120000000000000_STE_198267386
5   623.12/STE/1982Reading Item 2015-06-24Reading section2015-06-24 Central Library, BUET Central Library, BUET2015-06-24  623_120000000000000_STE_198267384
6   623.12/STE/1982Reading Item 2015-06-24Reading section2015-06-24 Central Library, BUET Central Library, BUET2015-06-24  623_120000000000000_STE_198267385
7   623.12/STE/1982Reading Item 2015-06-24Reading section2015-06-24 Central Library, BUET Central Library, BUET2015-06-24  623_120000000000000_STE_198263905
8   623.12/STE/1982Reading Item 2015-06-25Reading section2015-06-25 Central Library, BUET Central Library, BUET2015-06-25  623_120000000000000_STE_198263906
9   623.12/STE/1982Reading Item 2015-06-25Reading section2015-06-25 Central Library, BUET Central Library, BUET2015-06-25  623_120000000000000_STE_198263907
10   623.12/STE/1982Reading Item 2015-06-28Reading section2015-06-28 Central Library, BUET Central Library, BUET2015-06-28  623_120000000000000_STE_198263908